000 01513nam a2200385Ia 4500
001 ebr10587206
003 CaPaEBR
006 m u
007 cr cn|||||||||
008 020220s2002 nyu sb 001 0 eng d
010 _z 2002024176
020 _z0791455319 (HC : alk. paper)
020 _z0791455327 (pbk. : alk. paper)
020 _z9780791455319
020 _z9780791487839
040 _aCaPaEBR
_cCaPaEBR
035 _a(OCoLC)61367533
050 1 4 _aDS425
_b.F57 2002eb
082 0 4 _a934
_221
100 1 _aFigueira, Dorothy Matilda,
_d1955-
245 1 0 _aAryans, Jews, Brahmins
_h[electronic resource] :
_btheorizing authority through myths of identity /
_cDorothy M. Figueira.
260 _aAlbany :
_bState University of New York Press,
_cc2002.
300 _aviii, 205 p.
490 0 _aSUNY series, the margins of literature
504 _aIncludes bibliographical references (p. 165-202) and index.
533 _aElectronic reproduction.
_bPalo Alto, Calif. :
_cebrary,
_d2011.
_nAvailable via World Wide Web.
_nAccess may be limited to ebrary affiliated libraries.
650 0 _aIndo-Aryans.
650 0 _aVedic literature
_xHistory and criticism.
650 0 _aRacism
_zEurope
_xHistory
_y19th century.
650 0 _aAntisemitism.
651 0 _aIndia
_xCivilization.
655 7 _aElectronic books.
_2local
710 2 _aebrary, Inc.
856 4 0 _uhttp://site.ebrary.com/lib/rucke/Doc?id=10587206
_zAn electronic book accessible through the World Wide Web; click to view
999 _c212085
_d212085